[Event "Amager Aabne CC-ch"]
[Site "Amager"]
[Date "2012.03.13"]
[Round "6"]
[White "Petersen, Christian"]
[Black "Ree, Morten"]
[Result "0-1"]
[WhiteElo "1600"]
[BlackElo "1736"]
[PlyCount "136"]
[EventDate "2012.01.10"]
[EventType "swiss"]
[EventRounds "7"]
[EventCountry "DEN"]
[SourceTitle "EXT 2023"]
[Source "ChessBase"]
[SourceDate "2022.10.05"]
[SourceVersion "1"]
[SourceVersionDate "2022.10.05"]
[SourceQuality "1"]

1. e4 d6 2. d4 g6 3. f4 Bg7 4. Nf3 e6 5. Nc3 Ne7 6. Be2 a6 7. 0-0 b5 8. a3 Bb7 9. b4 Nd7 10. Be3 Rc8 11. e5 0-0 12. a4 bxa4 13. Nxa4 Nd5 14. Qd2 Qe7 15. c3 Rfd8 16. Nb2 c5 17. exd6 Qxd6 18. bxc5 Qc6 19. Nc4 Nxc5 20. Na5 Ne4 21. Nxc6 Nxd2 22. Ne7+ Nxe7 23. Bxd2 Nd5 24. Ra3 Rd7 25. Rb1 Rcc7 26. Bxa6 Bxa6 27. Rxa6 Rd8 28. Rc1 Rdc8 29. Ra3 Nb6 30. Be1 Nc4 31. Rb3 Ra7 32. Nd2 Nxd2 33. Bxd2 Ra2 34. Be3 Re2 35. c4 Ra8 36. Rf1 Raa2 37. Rb8+ Bf8 38. Bf2 Kg7 39. c5 Rac2 40. Rbb1 Be7 41. Rbc1 Rxf2 42. Rxc2 Rxc2 43. h3 Bf6 44. Rd1 Rc4 45. d5 exd5 46. Rxd5 Rxc5 47. Rd2 h5 48. Kf2 h4 49. Kf3 Rc4 50. Ke3 Be7 51. Kf3 Kf6 52. Kg4 Bc5 53. Kxh4 Rxf4+ 54. Kg3 Re4 55. Rd3 Ke6 56. h4 Re3+ 57. Rxe3+ Bxe3 58. Kg4 f5+ 59. Kf3 Bc1 60. g4 f4 61. Ke4 Kf6 62. Kf3 Ke5 63. Ke2 Ke4 64. Kf2 f3 65. Ke1 Ke3 66. h5 gxh5 67. gxh5 f2+ 68. Kf1 Bb2 0-1